Central Library OPAC University of Rajshahi

Documentary evidence : (Record no. 47487)

MARC details
000 -LEADER
fixed length control field 00825nam a2200253 4500
001 - CONTROL NUMBER
control field 47487
003 - CONTROL NUMBER IDENTIFIER
rucl marc code BD-RjUL
005 - DATE AND TIME OF LATEST TRANSACTION
control field 20211209054327.0
008 - FIXED-LENGTH DATA ELEMENTS--GENERAL INFORMATION
fixed length control field 160809s1953 pekb 001 0 eng
035 ## - SYSTEM CONTROL NUMBER
System control number (BD-RjUL)47606
040 ## - CATALOGING SOURCE
Original cataloging agency DLC
Transcribing agency DLC
Language of cataloging eng
Modifying agency BD-RjUL
041 0# - LANGUAGE CODE
Language code of text/sound track or separate title eng
-- ger
-- rus
-- ukr
082 ## - DEWEY DECIMAL CLASSIFICATION NUMBER
Edition number 23
Classification number 347.4206
Author mark and year ASD 1953
100 11 - MAIN ENTRY--PERSONAL NAME
Personal name Ashraf, Kazi Mohammad
9 (RLIN) 144392
245 00 - TITLE STATEMENT
Title Documentary evidence :
Remainder of title (Law and procedure for production and proving of documents in civil cases) /
Statement of responsibility, etc. Kazi Mohammad Ashraf
250 ## - EDITION STATEMENT
Edition statement 2nd. ed.
260 ## - PUBLICATION, DISTRIBUTION, ETC. (IMPRINT)
Place of publication, distribution, etc. Lahore :
Name of publisher, distributor, etc. All- pakistan legal decisions,
Date of publication, distribution, etc. 1953
300 ## - PHYSICAL DESCRIPTION
Pagination 166 p. ;
Size 23 cm.
500 ## - GENERAL NOTE
General note Includes Index
650 ## - SUBJECT ADDED ENTRY--TOPICAL TERM
Topical term or geographic name as entry element Evidence, Documentary
Geographic subdivision Pakistan
9 (RLIN) 144393
942 ## - ADDED ENTRY ELEMENTS (KOHA)
Source of classification or shelving scheme Dewey Decimal Classification
Koha item type Books
Holdings
Lost status Source of classification or shelving scheme Damaged status Not for loan Collection code Permanent Location Current Location Shelving location Date acquired Source of acquisition Cost, normal purchase price Total Checkouts Full call number Date last seen Copy number Koha item type
  Dewey Decimal Classification     Non-fiction Central Library, University of Rajshahi Central Library, University of Rajshahi   03/12/1955 Pak. Literature place 3.00   347.5491064 ASD 1953 09/08/2016 C-2 Books